| 000 | 01775nam0a2200361 4500 | ||
|---|---|---|---|
| 001 | RU\NLR\BIBL_A\011594786 | ||
| 005 | 20260406110037.0 | ||
| 010 |
_a9785699891665 _92017 |
||
| 021 |
_aRU _b2017-96191 _96913 |
||
| 035 | _a(RuMoRGB)009486907 | ||
| 035 | _a(NLR Aleph) 011594786 | ||
| 090 |
_a10855723 _c10855723 |
||
| 100 | _a20180115d2017 k y0rusy50 ca | ||
| 101 | 0 | _arus | |
| 102 | _aRU | ||
| 105 | _aacb|zzzz0|0zd | ||
| 200 | 1 |
_aВ предгорьях Памира и Тянь-Шаня _eдневники путешественника _fИ. В. Мушкетов _gРусское географическое общество |
|
| 210 |
_aМосква _cЭ _d2017 |
||
| 215 |
_a439 с., [10] л. цв. ил., портр. _cил., карты, портр. _d26 |
||
| 225 | 1 | _aВеликие русские путешественники | |
| 225 | 1 | _aБиблиотека Евроцемент груп | |
| 300 | _aНа обороте тит. л. авт.: И. В. Мушкетов, русский ученый, геолог и географ, путешественник, д. чл. Императорского Русского геогрфического общества | ||
| 333 | _a6+ | ||
| 600 | 1 |
_aМушкетов _bИ.В. _f1850 - 1902 _gИван Васильевич _91415279 _3RU\NLR\AUTH\66285183 |
|
| 607 |
_aСредняя Азия _xОписание и путешествия _z19 в. _91685651 _3RU\NLR\AUTH\661047447 |
||
| 686 |
_aД9(257,0)022,0 _2rubbk |
||
| 686 | 1 | _aД890(257)02 | |
| 686 | 1 | _aД8д(2)Мушкетов | |
| 700 | 1 |
_8rus _7ca _aМушкетов _bИ. В. _f1850-1902 _gИван Васильевич _3RU\NLR\AUTH\77105262 _988187 |
|
| 942 | _cBOOK | ||
| 980 | _aNBR | ||